<The> role of international organizations in the making of the contemporary world - historical consequences

Význam medzinárodných organizácií v medzinárodných vzťahoch. Predpoklady pre budovanie medzinárodných organizácií. Historický vývoj medzinárodných organizácií. Súčasný svet a jeho problémy.

Guardado en:
Detalles Bibliográficos
Autor principal: Grešš, Martin, 1978-
Formato: Capítulo de libro
Lenguaje:inglés
Materias:
Etiquetas: Agregar Etiqueta
Sin Etiquetas, Sea el primero en etiquetar este registro!

MARC

LEADER 00000naa$a2200000$$$4500
001 0072751
005 20240502071848.7
041 0 |a eng 
044 |a SK 
245 1 0 |a <The> role of international organizations in the making of the contemporary world - historical consequences  |c Martin Grešš 
520 |a Význam medzinárodných organizácií v medzinárodných vzťahoch. Predpoklady pre budovanie medzinárodných organizácií. Historický vývoj medzinárodných organizácií. Súčasný svet a jeho problémy. 
610 2 0 |a organizácie medzinárodné 
610 2 0 |a internacionalizácia 
610 2 0 |a internacionalizácia ekonomiky 
610 2 0 |a história 
100 1 |a Grešš, Martin, 1978-